| 000 | 00701nam a2200229 i 4500 | ||
|---|---|---|---|
| 001 | 186543 | ||
| 003 | SpMaBN | ||
| 005 | 20260525062938.0 | ||
| 008 | 161123s1957 sp |||| | | ||
| 080 | _a159.9 | ||
| 100 | 1 |
_aAdler, Alfred. _918442 |
|
| 245 | 1 | 0 |
_aConocimiento del hombre / _cAlfredo Adler ; [traducción del alemán por Humberto Bark]. |
| 250 | _a3ª ed. | ||
| 260 |
_aMadrid : _bEspasa-Calpe, _c1957. |
||
| 300 |
_a229 p. ; _c18 cm. |
||
| 490 | 1 |
_aColección austral ; _v775 |
|
| 650 | 0 | 7 |
_aPsicología _2embne _916540 |
| 700 | 1 |
_aBark, Humberto. _9143643 |
|
| 830 | 0 |
_aColección austral _v775 _9177655 |
|
| 852 |
_aES-MaACL _jL-30888 _z. - Donat. Miguel A. Velasco |
||
| 999 |
_c186543 _d186543 |
||